000 00755nam a2200241 i 4500
001 C2-0307552
003 PPAK
005 20180728094259.0
008 110303s2009 xx |||| ||||| | may d
040 _aPPAK
_beng
_cPPAK
_erda
082 0 4 _a923.1595112
_223
090 0 0 _a923.1595112
_bPER
_dKK
245 0 0 _aPeringatan Raja-Raja Kedah
_bKumpulan catatan dan warkah oleh Dato' Bendahara Kota Indera Kayangan
264 1 _c2009
300 _a36 pages ;
_c30 cm
336 _2rdacontent
_atext
337 _2rdamedia
_aunmediated
338 _2rdacarrier
_avolume
500 _aTransliterasi jawi ke rumi oleh Dr. Ibrahim Bakar Langkawi
650 1 0 _aHead of state - Kedah
700 0 _aFakir Yahya bin Muhammad Hanafi,
_ecompile
942 _ddc
_cB
999 _c110296
_d110296